000 004480000a22001690004500
020 _a9977-958-011
041 0 _aENG
082 0 4 _aG 261.834 F767t
245 1 0 _aTeología desde la mujer en Centroamérica / Irene Foulkes, Eitor
260 _aSan José, Costa Rica : SEBILA
300 _a191 Pag
001 6942
942 _cBK
999 _c37187
_d37187
336 _atexto
_btxt
_2rdacontent
337 _2rdamedia
_asin mediación
_bn
338 _2rdacarrier
_avolumen
_bnc